The economy of Ghana sixty years after independence /

This volume assesses the challenges facing Ghana's economy as it enters its seventh decade and the nation heads towards three quarters of a century of independence.

Bibliographic Details
Other Authors: Aryeetey, Ernest, 1955- (Editor), Kanbur, S. M. Ravi, 1954- (Editor)
Format: eBook
Language:English
Published: Oxford : Oxford University Press, 2017.
Edition:First edition.
Subjects:
Online Access:Connect to the full text of this electronic book

MARC

Tag First Indicator Second Indicator Subfields
LEADER 00000cam a2200000 i 4500
001 in00005714721
005 20260319163731.2
006 m o d
007 cr |||||||||||
008 170217s2017 enka fob 001 0 eng d
040 |a UAB  |b eng  |e rda  |e pn  |c UAB  |d OCLCO  |d UWO  |d YDX  |d STBDS  |d N$T  |d EBLCP  |d MYG  |d OCLCF  |d FIE  |d OTZ  |d OCLCO  |d U3W  |d BUF  |d CEF  |d BRX  |d LOA  |d OCLCA  |d OCLCQ  |d WYU  |d OCLCQ  |d OL$  |d OCLCQ  |d OCLCA  |d OCLCQ  |d OCLCO  |d SFB  |d OCLCO  |d OCLCQ  |d OCLCO  |d OCLCL  |d SXB  |d CLOUD  |d UKKRT  |d OCLCQ  |d OCLCO  |d OCLKB 
019 |a 980241780  |a 980458635  |a 980836703  |a 982837290  |a 983154434  |a 983337768  |a 983389146  |a 1004558021  |a 1038304100  |a 1066669371  |a 1087369160  |a 1298433962  |a 1349525523  |a 1519229825  |a 1541778005 
020 |a 9780191815065  |q (electronic bk.) 
020 |a 0191815063  |q (electronic bk.) 
020 |a 9780191067778  |q (electronic bk.) 
020 |a 0191067776  |q (electronic bk.) 
020 |z 0198753438 
020 |z 9780198753438 
035 |a (OCoLC)980553398  |z (OCoLC)980241780  |z (OCoLC)980458635  |z (OCoLC)980836703  |z (OCoLC)982837290  |z (OCoLC)983154434  |z (OCoLC)983337768  |z (OCoLC)983389146  |z (OCoLC)1004558021  |z (OCoLC)1038304100  |z (OCoLC)1066669371  |z (OCoLC)1087369160  |z (OCoLC)1298433962  |z (OCoLC)1349525523  |z (OCoLC)1519229825  |z (OCoLC)1541778005 
043 |a f-gh--- 
050 4 |a HC1060 
072 7 |a BUS  |x 069000  |2 bisacsh 
072 7 |a BUS  |x 055000  |2 bisacsh 
082 0 4 |a 330.9667  |2 23 
049 |a TXAM 
245 0 4 |a The economy of Ghana sixty years after independence /  |c edited by Ernest Aryeetey and Ravi Kanbur. 
250 |a First edition. 
264 1 |a Oxford :  |b Oxford University Press,  |c 2017. 
300 |a 1 online resource :  |b illustrations (black and white) 
336 |a text  |b txt  |2 rdacontent 
337 |a computer  |b c  |2 rdamedia 
338 |a online resource  |b cr  |2 rdacarrier 
504 |a Includes bibliographical references and index. 
520 8 |a This volume assesses the challenges facing Ghana's economy as it enters its seventh decade and the nation heads towards three quarters of a century of independence. 
588 0 |a Online resource; title from home page (viewed on February 17, 2017). 
505 0 |a Cover; The Economy of Ghana Sixty Years after Independence; Copyright; Acknowledgements; Preface; Contents; List of Figures; List of Tables; List of Contributors; Part I: Thematic Issues; 1: Ghana at Sixty: Learning from a Developing African Nationś Past; 1.1 Introduction; 1.2 From Guggisberg to Independence (1919-1957); 1.3 Economic Policymaking in the Early Post-Independence Years (1957-1983); 1.4 Economic Policymaking after Economic Reforms (1984 to Date); 1.5 Moving from Policies to Action; References; 2: W. Arthur Lewis and the Roots of Ghanaian Economic Policy; 2.1 Introduction. 
505 8 |a 2.2 Before Ghana: The Decolonization Imperative2.3 Ghana: The Balance of Economics; 2.4 After Ghana: Politics and Economics; 2.5 Conclusion; Acknowledgement; References; 3: Property and Freedom; 3.1 Introduction; 3.2 Property and Illusory Freedom in the Twenty-First Century; 3.3 Property in The Long Twentieth Century, 1874-2000; 3.4 The Next Sixty Years: Market, State, or Commons?; Acknowledgements; References; Part II: Macroeconomy and Finance; 4: Economic Growth in Ghana: Trends and Structure, 1960-2014; 4.1 Introduction; 4.2 Growth and Macroeconomic Performance, 1960-1983. 
505 8 |a 4.2.1 Sectoral Policy and Growth in the Early Years4.2.2 Early Fiscal Performance; 4.2.3 Early Monetary Sector Performance; 4.2.4 The Influence of External Factors; 4.2.5 Managing the Exchange Rate; 4.3 Growth and Macroeconomic Performance under Reforms (1983-1992); 4.3.1 ERP Sectoral Policy and Growth; 4.3.2 Fiscal Performance under ERP; 4.3.3 Monetary Sector Performance under ERP; 4.3.4 The External Sector under ERP; 4.4 Growth and Macroeconomic Performance, 1992-2009; 4.4.1 Sectoral Policy and Growth under Democratic Rule; 4.4.2 Fiscal Performance under Democratic Rule. 
505 8 |a 4.4.3 Monetary Sector Performance4.4.4 External Sector Performance; 4.5 Growth and Macroeconomic Performance (2010-14); 4.5.1 Sectoral Growth after Global Financial Crisis; 4.5.2 Fiscal Performance after the Financial Crisis; 4.5.3 Monetary Sector Performance after the Financial Crisis; 4.5.4 External Sector Performance after the Financial Crisis; 4.5.5 Energy Crisis; 4.6 Conclusion; References; 5: Sixty Years of Fiscal Policy in Ghana: Outcomes and Lessons; 5.1 Introduction; 5.2 Broad Fiscal Outcomes; 5.2.1 Deficits; 5.2.2 Expenditures and Revenues. 
505 8 |a 5.2.3 Role of Fiscal Policy in Ghanaś Economy History5.3 `Fiscal Slippages ́and a Lack of Fiscal Cycles in Ghana; 5.3.1 Nature and Degree of Slippages in Ghana; 5.3.2 Factors Driving Fiscal slippages; 5.4 Fiscal Policy and Economic Growth; 5.5 Summary and Conclusions; References; 6: Monetary Policy and Inflation Management in Ghana: Inflation Targeting and Outcomes; 6.1 Introduction; 6.2 Monetary Policy Strategies and Transmission; 6.2.1 Monetary Policy Strategies; 6.2.2 Monetary Policy Transmission Channels; 6.3 Inflation Targeting Policy Regime and Outcomes. 
651 0 |a Ghana  |x Economic conditions  |y 1957-1979. 
651 0 |a Ghana  |x Economic conditions  |y 1979- 
651 6 |a Ghāna  |x Conditions économiques  |y 1957-1979. 
651 6 |a Ghāna  |x Conditions économiques  |y 1979- 
650 7 |a BUSINESS & ECONOMICS  |x Economics  |x General.  |2 bisacsh 
650 7 |a BUSINESS & ECONOMICS  |x Reference.  |2 bisacsh 
650 7 |a Economic history  |2 fast 
651 7 |a Ghana  |2 fast  |1 https://id.oclc.org/worldcat/entity/E39PBJrwWdFrtwYQThrFvRGJXd 
650 7 |a Wirtschaftspolitik  |2 gnd 
650 7 |a Wirtschaftsentwicklung  |2 gnd 
651 7 |a Ghana  |2 gnd 
651 7 |a Ghana  |x Conditions économiques  |y 1957-1979.  |2 ram 
651 7 |a Ghana  |x Conditions économiques  |y 1979-....  |2 ram 
648 7 |a Since 1957  |2 fast 
653 0 |a økonomi  |a utviklingsøkonomi 
653 5 |a Ghana  |a Afrika 
655 7 |a Electronic books.  |2 local 
700 1 |a Aryeetey, Ernest,  |d 1955-  |e editor.  |1 https://id.oclc.org/worldcat/entity/E39PBJpYrpYryK6htfxYqRB9Dq 
700 1 |a Kanbur, S. M. Ravi,  |d 1954-  |e editor.  |1 https://id.oclc.org/worldcat/entity/E39PBJkHq49drYCXmMtbTMCRKd 
758 |i has work:  |a The economy of Ghana sixty years after independence (Text)  |1 https://id.oclc.org/worldcat/entity/E39PCFHcC3rj4FXJPDxVxwQKBP  |4 https://id.oclc.org/worldcat/ontology/hasWork 
776 0 8 |i Print version:  |z 9780198753438 
776 0 8 |c Original  |z 0198753438  |z 9780198753438  |w (DLC) 2016950607 
856 4 0 |u http://proxy.library.tamu.edu/login?url=https://academic.oup.com/book/7355  |z Connect to the full text of this electronic book  |t 0 
936 |a BATCHLOAD 
955 |a Oxford Scholarship Online 
994 |a 92  |b TXA 
999 f f |i e6b77929-55db-4af9-b40a-92b88dc5ee7f  |s 6b882ddc-0bfc-4346-b9eb-5ecc17081f73  |t 0 
952 f f |a Texas A&M University  |b College Station  |c Electronic Resources  |s www_evans  |d Available Online  |t 0  |e HC1060   |h Library of Congress classification 
998 f f |a HC1060   |t 0  |l Available Online